| 000 | 00669nam a2200217Ii 4500 | ||
|---|---|---|---|
| 003 | JO-AjNU | ||
| 008 | 230606s9999||||xx |||||||||||||| ||und|| | ||
| 020 | _a978-0-07-062030-8/0-07-062030-X | ||
| 040 |
_aJO-AjNU _beng _erda _cJO-AjNU |
||
| 041 | _aeng | ||
| 050 | 1 | 4 | _aHD31.2007 |
| 100 | 3 |
_aKoontz,Harold/Heinz Weihrich, _eauthor _91276 |
|
| 245 | 0 | 0 | _aEssentials of Management An International Perspective |
| 250 | _a7th ed | ||
| 264 | 3 | 1 | _aNEW DELHI: Tata McGraw-Hill Publishing Company Limited,2007 |
| 300 | _a475p | ||
| 336 |
_atext _btxt _2rdacontent |
||
| 337 |
_aunmediated _bn _2rdamedia |
||
| 338 |
_avolume _bnc _2rdacarrier |
||
| 650 | 4 |
_amanagement _91277 |
|
| 999 |
_aE672 _c672 _d672 |
||